| 000 | 00467nam a2200193Ia 4500 | ||
|---|---|---|---|
| 008 | 170918s9999 xx 000 0 und d | ||
| 020 | _a9780545850582 | ||
| 050 | _bR884qu 2001 | ||
| 100 | _aRowling, J.K. | ||
| 245 | _aQuidditch through ages / | ||
| 245 | _cby J.K. Rowling. | ||
| 260 | _aUSA : | ||
| 260 | _bArthur A. Levine Books, | ||
| 260 | _c2001 | ||
| 300 | _a105 pages : | ||
| 300 | _billustrations ; | ||
| 300 | _c20cm. | ||
| 300 | _eHarry Potter. | ||
| 999 |
_c344068 _d344068 |
||